000
00257nam a2200109Ia 4500
008
220204s9999 xx 000 0 und d
082
_a
633
_b
RAT
100
_a
Rather, Howard C
245
0
_a
Field crops
260
_a
New York
_b
McGraw Hill
_c
1942
942
_c
BK
999
_c
23826
_d
23826